01203nam a2200229 a 450000100060000000300090000600800410001502000150005604000280007108200170009910000320011624501980014825000060034626000280035230000080038050504200038865000370080865000450084565000260089065000370091665000200095321256CO-ViMGA141112s2004 ck r 000 u spa d a9583505595 aCO-ViMGAbspacCO-ViMGA04a342.06 B855d1 aBulla Romero, Jairo Enrique10aDerecho disciplinario : bLa ley 734 de 2002 (Código disciplinario único)La ley 836 de 2003 (Código disciplinario de las FFMM)Práctica forense disciplinaria legislación complementaria a2 aBogotá; Temis, c2006 a462 aPrincipios rectores de la ley disciplinaria 25 - - La función pública y la falta disciplinaria 58 - - Causales de extinción de la acción disciplinaria 74 - - Inhabilidades, impedimentos, incompatibilidades y conflicto de intereses 93 - - Ambito de aplicación 125 - - Revocatoria directa 191 - - Pruebas 198 - - Indagación preliminar 219 - - Descargas, pruebas y fallos 240 - - Procedimineto verbal 253 14aDERECHO ADMINSTRATIVO - COLOMBIA14aFUNCION PUBLICA - LEGISLACION - COLOMBIA14aFUNCIONARIOS PUBLICOS14aLEY 134 DE 2002 - INTERPRETACION14aLEY 836 DE 2003